000 00906nam a22002297a 4500
001 36760
003 BD-RjUL36862
005 20211209052533.0
008 140830s2004 bg a|||| |||| 00| 0 ben d
020 _a9843218852
035 _a(BD-RjUL)
040 _aBD-RjUL
_bben
_cBD-RjUL
_dBD-RjUL
041 _aben
082 _a526.982
_bAHA 2004
_223
100 _aআহমদ, রকীব
_9112139
245 _aএরিয়াল ফটো ইন্টারপ্রিটেশন ও ফটোগ্রামেট্রি = (Aerial Photo Iterpretation and Photogrammetry) /
_cরকীব আহমদ
260 _aঢাকা :
_bতাহাসিনা রহমান,
_c২০০৪.
300 _a[১২], ১৫০ পৃ. :
_bচিত্র ;
_c২২ সেমি.
650 _aফটোগ্রামেট্রি
_9112140
650 _aPhotogrammetry
_9112183
942 _2ddc
_cBK
999 _c36760
_d36760